Places in Surrey - sudden death - Statistics

General Stats
  • This quiz has been taken 106 times
  • The average score is 6 of 24
Answers on the Grid
Answers color-coded by a green-red scale on the quiz's grid according to % correct below.
Nottingham
Carlisle
Reigate
Woking
Redhill
Julie Andrews' birthplace
Blackpool
A 2025/26 EFL team
Site of the Magna Carta signing
Guildford
West Byfleet
Channel Tunnel
Maroua
Molesey
Camberley
HQ of Jaguar
Staines
Chessington
Hampton
Tamale
Woodley
Burgess Hill
Top Gear test track
Mitcham
Esher
Farnham
HQ of McLaren
Epsom
Surbiton
Weybridge
Surrey cricket ground
Gatwick Airport
Dorking
Purley
Walton-on-Thames
Horley
East Grinstead
Haslemere
Ash
Horsham
New Malden
Godalming
Sandhurst
Winnersh
Wallington
Morden
Frimley
Caterham
 
Answer Stats
Answer % Correct
Woking
76%
Guildford
74%
Redhill
68%
Reigate
61%
Camberley
42%
Staines
34%
West Byfleet
32%
Runnymede Site of the Magna Carta signing
26%
Epsom
24%
Esher
21%
Dorking
18%
Molesey
18%
Godalming
16%
Farnham
13%
Dunsfold Aerodrome Top Gear test track
13%
Caterham
11%
Walton-on-Thames Julie Andrews' birthplace
11%
Walton-on-Thames
11%
Horley
8%
Woking HQ of McLaren
8%
Weybridge
8%
Haslemere
5%
Ash
3%
Frimley
3%
No matching quizzes found
Score Distribution
Percent of People with Each Score
Percentile by Number Answered
Your Score History
You have not taken this quiz